000 00363 a2200145 4500
020 _a9789694073408
082 _a181.07
090 _c5253
_d5253
100 _aSharif,M.M.
245 _aA History of Muslim Philosophy
_cProf.M.M.Sharif
260 _aKarachi
_bRoyal Book Company
_c2007
300 _a787p
500 _aHard cover
942 _aNBS
_cBK
_k181.07 SHA
999 _c347668
_d347668